000 00964nas a2200289 4500
001 BR2012003408
003 BR-BrBNA
005 20231205120537.0
007 ta
008 230509b bl.|||p| |||| 00| 00por d
040 _aBR-BrBNA
_bpor
_cBiblioteca Nacional de Agricultura
041 _a(Pt)
072 _aH20
100 1 _aBastos, C.N.
245 1 _aAvaliação do potencial de Clonostachys sp. no biocontrole da vassoura-de-bruxa do cacaueiro
246 1 _aEvaluation of the potential of Clonostachys sp. on the biological control of cocoa witches'broom
650 _aCACAU
650 _aTHEOBROMA CACAO
650 _aDOENÇA DE PLANTA
650 _aFUNGO
650 _aCONTROLE BIOLÓGICO
650 _aVASSOURA-DE-BRUXA
773 0 _tAgrotrópica (Brazil)
_xISSN 0103-3816
_g(May-Dec 2011), v. 23(2-3) p. 95-100
_wBR2012003408
856 4 0 _dLink DSPACE/MAPA BR2012003408
909 _a202311
_bLúcia
_c55
_dLúcia Elande
942 _2AGRIS
_n0
_cANA
999 _c219046
_d219046